000
00274nam a22001217a 4500
008
180115b xxu||||| |||| 00| 0 eng d
041
_a
eng
080
_a
321
100
_a
19
101
_a
SHP
245
_a
Prophet of the Counter-Revolution
_c
Bongie, L.L
942
_2
udc
_c
BK
999
_c
40282
_d
40282